000 00919cam a2200217 4500
001 WB3917-11
008 030506n2003 000 0 eng u
035 _a(Sirsi) u122197
245 _aMixed tenure the way ahead
260 _c2003
490 _aInside Housing
_v 2 May 2003, 7(1)
520 _aMajor research has backed mixed tenure as a solution to problems of social stigma and low demand on social housing estates. Independent research for the Joseph Rowntree Foundation indicates that the advantages of mixed tenures include lower turnover, more demand and a better reputation for the area. "Rebalancing communities" costs £11.95 + £2 p&p, t: +44(0)1904 430033 or http://www.jrf.org.uk
590 _aWB
650 _aRESEARCH PROJECT
650 _aMIXED TENURE
650 _aJOSEPH ROWNTREE FOUNDATION
650 _aHOUSING ESTATES
650 _aSOCIAL HOUSING
690 _aHOUSING
942 _n0
999 _c72625
_d72625